Normal view
MARC view
Entry Personal Name
001 - CONTROL NUMBER
- control field: 77838
003 - CONTROL NUMBER IDENTIFIER
- control field: dpl
005 - DATE AND TIME OF LATEST TRANSACTION
- control field: 20250218144905.0
008 - FIXED-LENGTH DATA ELEMENTS
- fixed length control field: 250218|| aca||aabn | a|a d
040 ## - CATALOGING SOURCE
- Original cataloging agency: dpl
- Transcribing agency: dpl
100 ## - HEADING--PERSONAL NAME
- Personal name: Carnegie, Dale
670 ## - SOURCE DATA FOUND
- Source citation: Work cat.: (dpl)209244: Carnegie, Dale, How to Stop Worrying Start & Living/, 2024
